| 000 | 00946cam a2200241 i 4500 | ||
|---|---|---|---|
| 001 | 17516472 | ||
| 005 | 20180222092542.0 | ||
| 008 | 121102t20122012dcua b 101 0 eng | ||
| 010 | _a 2012033175 | ||
| 020 | _a9780841227415 (hc : alk. paper) | ||
| 040 |
_aDLC _beng _cDLC _erda _dDLC |
||
| 041 | _aeng | ||
| 042 | _apcc | ||
| 080 | _a547.0071mor | ||
| 082 | 0 | 0 |
_a547.0071 mor _223 |
| 100 | _a12 | ||
| 101 | _akim | ||
| 245 | 0 | 0 |
_aAdvances in teaching organic chemistry / _cJetty L. Duffy-Matzner, Editor, Augustana College Sioux Falls, SD ; Kimberly A.O. Pacheco, Editor, University of Northern Colorado, Greeley, CO. |
| 504 | _aIncludes bibliographical references and indexes. | ||
| 906 |
_a7 _bcbc _corignew _d1 _eecip _f20 _gy-gencatlg |
||
| 942 |
_2ddc _cBK |
||
| 999 |
_c43219 _d43219 |
||